<?xml version="1.0" encoding="UTF-8"?>
<record
    xmlns:xsi="http://www.w3.org/2001/XMLSchema-instance"
    xsi:schemaLocation="http://www.loc.gov/MARC21/slim http://www.loc.gov/standards/marcxml/schema/MARC21slim.xsd"
    xmlns="http://www.loc.gov/MARC21/slim">

  <leader>00411nam a2200145Ia 4500</leader>
  <controlfield tag="008">230519s9999    xx            000 0 und d</controlfield>
  <datafield tag="020" ind1=" " ind2=" ">
    <subfield code="a">978-0-8036-2219-7</subfield>
  </datafield>
  <datafield tag="041" ind1=" " ind2=" ">
    <subfield code="a">eng</subfield>
  </datafield>
  <datafield tag="082" ind1=" " ind2=" ">
    <subfield code="a">MS/610.7361/WIL/DB0525</subfield>
  </datafield>
  <datafield tag="100" ind1=" " ind2=" ">
    <subfield code="a">Williams Linda &amp; Hopper Paula</subfield>
  </datafield>
  <datafield tag="245" ind1=" " ind2=" ">
    <subfield code="a">Understanding Medical Surgical Nursing</subfield>
  </datafield>
  <datafield tag="260" ind1=" " ind2=" ">
    <subfield code="b">F A Davis Company</subfield>
    <subfield code="a">Philadelphia</subfield>
    <subfield code="c">2011</subfield>
  </datafield>
  <datafield tag="300" ind1=" " ind2=" ">
    <subfield code="a">1459</subfield>
  </datafield>
  <datafield tag="999" ind1=" " ind2=" ">
    <subfield code="c">159269</subfield>
    <subfield code="d">159269</subfield>
  </datafield>
  <datafield tag="952" ind1=" " ind2=" ">
    <subfield code="0">0</subfield>
    <subfield code="1">0</subfield>
    <subfield code="4">0</subfield>
    <subfield code="7">0</subfield>
    <subfield code="8">MS</subfield>
    <subfield code="a">BTIN</subfield>
    <subfield code="b">BTIN</subfield>
    <subfield code="d">2017-08-03</subfield>
    <subfield code="g">1000.00</subfield>
    <subfield code="i">859</subfield>
    <subfield code="l">1</subfield>
    <subfield code="m">1</subfield>
    <subfield code="o">MS 610.7361 WIL DB0525</subfield>
    <subfield code="p">BTIN-DB-525</subfield>
    <subfield code="r">2025-01-09 00:00:00</subfield>
    <subfield code="s">2024-12-26</subfield>
    <subfield code="w">2017-08-03</subfield>
    <subfield code="y">DB</subfield>
    <subfield code="z">DB0525</subfield>
  </datafield>
  <datafield tag="952" ind1=" " ind2=" ">
    <subfield code="0">0</subfield>
    <subfield code="1">0</subfield>
    <subfield code="4">0</subfield>
    <subfield code="7">0</subfield>
    <subfield code="8">MS</subfield>
    <subfield code="a">BTIN</subfield>
    <subfield code="b">BTIN</subfield>
    <subfield code="d">2017-08-03</subfield>
    <subfield code="g">1000.00</subfield>
    <subfield code="i">859</subfield>
    <subfield code="l">0</subfield>
    <subfield code="o">MS 610.7361 WIL DB0525</subfield>
    <subfield code="p">BTIN-DB-526</subfield>
    <subfield code="r">2023-05-19 00:00:00</subfield>
    <subfield code="w">2017-08-03</subfield>
    <subfield code="y">DB</subfield>
    <subfield code="z">DB0526</subfield>
  </datafield>
  <datafield tag="952" ind1=" " ind2=" ">
    <subfield code="0">0</subfield>
    <subfield code="1">0</subfield>
    <subfield code="4">0</subfield>
    <subfield code="7">0</subfield>
    <subfield code="8">MS</subfield>
    <subfield code="a">BTIN</subfield>
    <subfield code="b">BTIN</subfield>
    <subfield code="d">2017-08-03</subfield>
    <subfield code="g">1000.00</subfield>
    <subfield code="i">859</subfield>
    <subfield code="l">0</subfield>
    <subfield code="o">MS 610.7361 WIL DB0525</subfield>
    <subfield code="p">BTIN-DB-527</subfield>
    <subfield code="r">2023-05-19 00:00:00</subfield>
    <subfield code="w">2017-08-03</subfield>
    <subfield code="y">DB</subfield>
    <subfield code="z">DB0527</subfield>
  </datafield>
  <datafield tag="952" ind1=" " ind2=" ">
    <subfield code="0">0</subfield>
    <subfield code="1">0</subfield>
    <subfield code="4">0</subfield>
    <subfield code="7">0</subfield>
    <subfield code="8">MS</subfield>
    <subfield code="a">BTIN</subfield>
    <subfield code="b">BTIN</subfield>
    <subfield code="d">2017-08-03</subfield>
    <subfield code="g">1000.00</subfield>
    <subfield code="i">859</subfield>
    <subfield code="l">0</subfield>
    <subfield code="o">MS 610.7361 WIL DB0530</subfield>
    <subfield code="p">BTIN-DB-530</subfield>
    <subfield code="r">2023-05-19 00:00:00</subfield>
    <subfield code="w">2017-08-03</subfield>
    <subfield code="y">DB</subfield>
    <subfield code="z">DB0530</subfield>
  </datafield>
</record>
